|
|
|
|
| LEADER |
00000nam0a2200000 4500 |
| 001 |
172880 |
| 005 |
20231031164400.0 |
| 010 |
|
|
|a 9785482014011
|
| 035 |
|
|
|a (RuTPU)RU\TPU\book\187488
|
| 090 |
|
|
|a 172880
|
| 100 |
|
|
|a 20091216d2009 m y0rusy50 ca
|
| 101 |
0 |
|
|a rus
|
| 102 |
|
|
|a RU
|
| 105 |
|
|
|a y j 001zy
|
| 200 |
1 |
|
|a Информационные технологии
|e учебник
|f И. К. Корнеев, Г. Н. Ксандопуло, В. А. Машурцев
|g Государственный университет управления (ГУУ)
|
| 210 |
|
|
|a Москва
|c Проспект
|d 2009
|
| 215 |
|
|
|a 224 с.
|
| 333 |
|
|
|a Исключено из фонда НТБ ТПУ
|
| 700 |
|
1 |
|a Корнеев
|b И. К.
|g Игорь Константинович
|
| 701 |
|
1 |
|a Ксандопуло
|b Г. Н.
|g Георгий Николаевич
|
| 701 |
|
1 |
|a Машурцев
|b В. А.
|g Владимир Адамович
|
| 712 |
0 |
2 |
|a Государственный университет управления (ГУУ)
|c (Москва)
|c (1998- )
|
| 801 |
|
1 |
|a RU
|b 63413507
|c 20091216
|
| 801 |
|
2 |
|a RU
|b 63413507
|c 20211014
|g RCR
|
| 942 |
|
|
|c BK
|
| 959 |
|
|
|a 125/20091215
|d 2
|e 144,00
|f ЧЗТЛ:1
|